El impedimento matrimonial canónico de parentesco legal
Gardado en:
| Autor Principal: | |
|---|---|
| Formato: | Libro |
| Idioma: | Lingua castelá |
| Publicado: |
Pamplona
Eunsa
1993
|
| Series: | Colección Canónica
|
| Subjects: | |
| Tags: |
Engadir etiqueta
Sen Etiquetas, Sexa o primeiro en etiquetar este rexistro!
|
MARC
| LEADER | 00000nam a2200000 a 4500 | ||
|---|---|---|---|
| 001 | UCL2846 | ||
| 003 | CL-VaPUC | ||
| 008 | 031107e19930000SP |||||||||||||||||spa|d | ||
| 020 | |a 8431312300 | ||
| 082 | 0 | 4 | |a 262.933 |b MAN |2 21 |
| 100 | |a Mantecón Sancho, Joaquín |e autor |9 481463 | ||
| 245 | 1 | 3 | |a El impedimento matrimonial canónico de parentesco legal |
| 300 | |a 333 p | ||
| 942 | |c BK | ||
| 945 | |d 20031107 00:00:00 |a cmena | ||
| 260 | |a Pamplona |b Eunsa |c 1993 | ||
| 650 | 7 | |a DERECHO CANONICO |2 CL-VaPUC |9 479981 | |
| 650 | 0 | |a Sacramentos |9 257270 | |
| 650 | 7 | |a MATRIMONIO |2 CL-VaPUC |9 479982 | |
| 650 | 7 | |a IMPEDIMENTOS PARA CONTRAER MATRIMONIO |2 CL-VaPUC |9 385383 | |
| 583 | |a last modification |c 20031107 00:00:00 |k Rodrigo Vera | ||
| 490 | 0 | |a Colección Canónica | |
| 999 | |c 306022 |d 306020 | ||
| 952 | |0 0 |1 0 |4 0 |6 262_933000000000000_MAN_1993 |7 0 |8 A |9 370691 |a BIBDER |b BIBDER |d 2019-11-21 |i 3929264 |o 262.933 MAN 1993 |p 3929264 |r 2023-01-25 |w 2019-11-21 |y BK |k DER | ||